Estar en vilo / (Record no. 192790)
[ view plain ]
| 000 -LEADER | |
|---|---|
| campo de control de longitud fija | 01207nam a2200325 i 4500 |
| 001 - NÚMERO DE CONTROL | |
| campo de control | 192790 |
| 003 - IDENTIFICADOR DE NÚMERO DE CONTROL | |
| campo de control | ES-MaRBCM |
| 005 - FECHA Y HORA DE LA ÚLTIMA TRANSACCIÓN | |
| campo de control | 20250630060258.0 |
| 008 - DATOS DE LONGITUD FIJA--INFORMACIÓN GENERAL | |
| campo de control de longitud fija | 230523s2017 sp |||| ||spa d |
| 020 ## - NÚMERO INTERNACIONAL ESTÁNDAR DEL LIBRO | |
| Número Internacional Estándar del Libro | 9788417005726 |
| 035 ## - NÚMERO DE CONTROL DEL SISTEMA | |
| Número de control de sistema | M-RBMTRL 0057347 |
| 040 ## - FUENTE DE CATALOGACIÓN | |
| Centro catalogador/agencia de origen | M-RBMTRL |
| Lengua de catalogación | spa |
| Centro/agencia transcriptor | M-RBMTRL |
| Centro/agencia modificador | ES-MaACL |
| 080 ## - NÚMERO DE LA CLASIFICACIÓN DECIMAL UNIVERSAL | |
| Número de la Clasificación Decimal Universal | 821.134.2-31"19" |
| 100 1# - ENTRADA PRINCIPAL--NOMBRE DE PERSONA | |
| Nombre de persona | Massó Cantarero, Francisco, |
| Fechas asociadas al nombre | 1946- |
| Término indicativo de función/relación | Autor |
| 9 (RLIN) | 226310 |
| 245 10 - MENCIÓN DEL TÍTULO | |
| Título | Estar en vilo / |
| Mención de responsabilidad, etc. | Francisco Massó Cantarero. |
| 250 ## - MENCION DE EDICION | |
| Mención de edición | Primera edición: junio de 2017 |
| 260 ## - PUBLICACIÓN, DISTRIBUCIÓN, ETC. | |
| Lugar de publicación, distribución, etc. | Madrid : |
| Nombre del editor, distribuidor, etc. | Lacre, |
| Fecha de publicación, distribución, etc. | 2017. |
| 300 ## - DESCRIPCIÓN FÍSICA | |
| Extensión | 264 páginas ; |
| Dimensiones | 23 cm. |
| 336 ## - TIPO DE CONTENIDO | |
| Término de tipo de contenido | Texto (visual) |
| Fuente | isbdcontent] |
| 337 ## - TIPO DE MEDIO | |
| Nombre/término del tipo de medio | sin mediación |
| Fuente | isbdmedia] |
| 490 1# - MENCIÓN DE SERIE | |
| Mención de serie | Maestros de la novela histórica ; |
| Designación de volumen o secuencia | 41 |
| 651 #0 - PUNTO DE ACCESO ADICIONAL DE MATERIA--NOMBRE GEOGRÁFICO | |
| Nombre geográfico | España- |
| Subdivisión de forma | Historia- |
| Subdivisión cronológica | 1931-1939, II República- |
| Subdivisión de forma | Novelas |
| 9 (RLIN) | 235489 |
| 655 #7 - TERMINO DE INDIZACIÓN--GENERO/FORMA | |
| Datos o término principal de género/forma | Novelas históricas |
| Fuente del término | tgfbne |
| 9 (RLIN) | 226782 |
| 830 ## - PUNTO DE ACCESO ADICIONAL DE SERIE-TÍTULO UNIFORME | |
| 9 (RLIN) | 225647 |
| Título uniforme | Maestros de la novela histórica ; |
| Designación de volumen o secuencia | 41 |
| 852 ## - LOCALIZACIÓN | |
| Ubicación | Es-MaACL |
| Sublocalización o colección | R.153097 |
| Ubicación en estantería | Depósito J |
| Donativo/Legado | Donación: Francisco Massó Cantarero |
| Número de control de estantería | N-8412 |
| itemnumber | 200090 |
| 903 ## - NOMBRE PERSONAL DE DONANTE | |
| a | Massó Cantarero, Francisco, |
| d | 1946- |
| e | Donante |
| 9 | 226310 |
| 942 ## - ELEMENTOS DE ENTRADA SECUNDARIOS (KOHA) | |
| Tipo de ítem Koha | Libro impreso |
| Suprimir en OPAC | No |
| Estatus retirado | Estado de pérdida | Fuente del sistema de clasificación o colocación | Estado de daño | No para préstamo | Biblioteca de origen | Biblioteca actual | Ubicación en estantería | Fecha de adquisición | Fuente de adquisición | Total de préstamos | Signatura topográfica completa | Código de barras | Visto por última vez | Tipo de ítem Koha |
|---|---|---|---|---|---|---|---|---|---|---|---|---|---|---|
| Clasificación decimal universal | Biblioteca del Ateneo de Madrid | Biblioteca del Ateneo de Madrid | Depósito J | 11/05/2021 | Donación | N-8412 | 101205382 | 23/05/2023 | Libro impreso |
